000 00972cam a2200217 4500
001 WB3809-11
008 020306n2002 000 0 eng u
035 _a(Sirsi) u117025
245 _aNew guidance on safe surveying
260 _c2002
490 _aCSM (Chartered Surveyor Monthly)
_vMarch 2002, 9(1)
520 _aOn 26 February at the Construction Faculty dinner, RICS launched new guidance entitled "Surveying safely: a commitment to personal safety". The Construction Faculty is funding the publication and distribution of "Surveying safely" to 10 000 practices in the UK along with "Safety on site (SOS)" an Owlion CD aimed at surveyors across the profession. The booklet can be downloaded from the RICS website at http://www.rics.org
590 _aWB
650 _aCONSTRUCTION INDUSTRY
650 _aSITE SAFETY
650 _aSURVEYING SAFELY
650 _aRICS
650 _aSURVEYING PROFESSION
690 _aHealth and safety
_96244
942 _n0
999 _c69715
_d69715